Random Turkish Words #3 - Statistics

General Stats
  • This quiz has been taken 168 times
  • The average score is 14 of 21
Answer Stats
Turkish English % Correct
Köpek Dog
95%
Aşk Love
94%
Beyaz White
91%
Mavi Blue
89%
Hafta Week
86%
Öğretmen Teacher
82%
Yarın Tomorrow
78%
Kahvaltı Breakfast
76%
Cami Mosque
75%
Sokak Street
72%
Sabun Soap
71%
Müze Museum
67%
Anahtar Key
65%
Kurabiye Cookie
58%
Batı West
48%
Mantar Mushroom
46%
Timsah Crocodile
45%
Ejderha Dragon
38%
Davul Drum
36%
Hardal Mustard
36%
Kule Tower
29%
No matching quizzes found
Score Distribution
Percent of People with Each Score
Percentile by Number Answered
Your Score History
You have not taken this quiz